00000000nam##2200000za#4500
0019.697536
003CaOODSP
00520210624235526
007cr |||||||||||
008150407|1981||||xxc|||||o    f|0| 0 eng|d
040 |aCaOODSP|beng
043 |an-cn---
0861 |aA15-5143/1981E-PDF
1101 |aCanada.|bAgriculture Canada. |bMarketing and Economics Branch.
24510|aEnergy management for Canadian food and beverage industries |h[electronic resource]
260 |aOttawa - Ontario : |bAgriculture Canada. |c1981.
300 |a38p.|btables
500 |aHistorical publication digitized by Agriculture and Agri-Food Canada.
590 |a13-17-Supp|b2013-07-25
69007|aBeverage industry|2gcpds
69007|aEnergy management|2gcpds
69007|aAgri-food industry|2gcpds
69007|aAgricultural economics|2gcpds
77508|tL'industrie canadienne des aliments et des boissons et la gestion de l'énergie |w(CaOODSP)9.641930
85640|ahttp://publications.gc.ca|qPDF|s1.72 MB|uhttps://publications.gc.ca/collections/collection_2013/aac-aafc/agrhist/A15-5143-1981-eng.pdf
986 |a5143